| 000 | 00636nam a2200193 i 4500 | ||
|---|---|---|---|
| 001 | 70264 | ||
| 003 | ES-MaACL | ||
| 005 | 20251017063054.0 | ||
| 007 | t| | ||
| 008 | 040721s1942 sp ||||1| spa d | ||
| 100 | 0 |
_aGarcía del Real, Eduardo, _d1870-1946 _954523 |
|
| 245 | 1 | 0 |
_aFiebre tifoidea _b: Paratifus. Tifus exatemático / _cEduardo García del Real y Alvarez Mijares. |
| 260 |
_aMadrid : _bMorata, _c1942 ( _fGraf. Administrativa) |
||
| 300 |
_a113 p. ; _c25 cm. |
||
| 650 | 0 | 4 |
_aTifus exantemático. _917539 |
| 650 | 0 | 4 |
_aFiebre tifoidea. _912776 |
| 852 |
_aES-MaACL _j1832-F-3 _bR.19370 |
||
| 999 |
_c70264 _d70264 |
||